Statistiken für Die wertvollsten Spieler der Welt

Klicken Sie hier um das Quiz zu spielen!

Allgemein

  • Dieses Quiz wurde 152 mal gespielt
  • Das Durchschnittsergebnis liegt bei 54 aus 100

Antwortstatistiken

MarktwertSpielerNationVerein% Korrekt
180,00 Mio €Erling HaalandNorwegenManchester City
97%
110,00 Mio €Harry KaneEnglandFC Bayern München
97%
180,00 Mio €Kylian MbappéFrankreichParis Saint-Germain
96%
180,00 Mio €Jude BellinghamEnglandReal Madrid
94%
110,00 Mio €Jamal MusialaDeutschlandFC Bayern München
91%
150,00 Mio €Vinicius JuniorBrasilienReal Madrid
91%
100,00 Mio €Florian WirtzDeutschlandBayer 04 Leverkusen
85%
110,00 Mio €Lautaro MartinezArgentinienInter Mailand
83%
60,00 Mio €Min-Jae KimSüdkoreaFC Bayern München
82%
120,00 Mio €Bukayo SakaEnglandFC Arsenal
81%
90,00 Mio €GaviSpanienFC Barcelona
80%
110,00 Mio €Phil FodenEnglandManchester City
80%
110,00 Mio €RodriSpanienManchester City
80%
80,00 Mio €Leroy SanéDeutschlandFC Bayern München
79%
90,00 Mio €PedriSpanienFC Barcelona
79%
75,00 Mio €Joshua KimmichDeutschlandFC Bayern München
78%
100,00 Mio €RodrygoBrasilienReal Madrid
77%
110,00 Mio €Victor OsimhenNigeriaSSC Neapel
75%
70,00 Mio €Alphonso DaviesKanadaFC Bayern München
74%
100,00 Mio €Federico ValverdeUruguayReal Madrid
72%
80,00 Mio €Frenkie de JongNiederlandeFC Barcelona
72%
65,00 Mio €Mohamed SalahÄqyptenFC Liverpool
72%
110,00 Mio €Declan RiceEnglandFC Arsenal
71%
65,00 Mio €Matthijs de LigtNiederlandeFC Bayern München
71%
90,00 Mio €Rafael LeaoPortugalAC Mailand
70%
70,00 Mio €Xavi SimonsNiederlandeRB Leipzig
70%
90,00 Mio €Eduardo CamavingaFrankreichReal Madrid
69%
60,00 Mio €Kevin de BruyneBelgienManchester City
69%
90,00 Mio €Martin ÖdegaardNorwegenFC Arsenal
69%
65,00 Mio €Achraf HakimiMarokkoParis Saint-Germain
68%
80,00 Mio €Bernardo SilvaPortugalManchester City
68%
50,00 Mio €Jeremie FrimpongNiederlandeBayer 04 Leverkusen
68%
90,00 Mio €Julián ÁlvarezArgentinienManchester City
68%
65,00 Mio €Kingsley ComanFrankreichFC Bayern München
68%
80,00 Mio €Josko GvardiolKroatienManchester City
66%
80,00 Mio €Rúben DiasPortugalManchester City
66%
70,00 Mio €Alexander IsakSchwedenNewcastle United
65%
60,00 Mio €Dayot UpamecanoFrankreichFC Bayern München
64%
75,00 Mio €Luis DíazKolumbienFC Liverpool
64%
55,00 Mio €Kai HavertzDeutschlandFC Arsenal
63%
90,00 Mio €Aurélien TchouameniFrankreichReal Madrid
62%
75,00 Mio €Dominik SzoboszlaiUngarnFC Liverpool
62%
80,00 Mio €Enzo FernándezArgentinienFC Chelsea
60%
85,00 Mio €Gabriel MartinelliBrasilienFC Arsenal
60%
90,00 Mio €Moisés CaicedoEcuadorFC Chelsea
60%
65,00 Mio €Darwin NúnezUruguayFC Liverpool
59%
70,00 Mio €Trent Alexander-ArnoldEnglandFC Liverpool
59%
70,00 Mio €Gabriel JesusBrasilienFC Arsenal
58%
75,00 Mio €Nicolò BarellaItalienInter Mailand
57%
70,00 Mio €Jack GrealishEnglandManchester City
56%
80,00 Mio €Khvicha KvaratskheliaGeorgienSSC Neapel
56%
70,00 Mio €Marcus RashfordEnglandManchester United
56%
70,00 Mio €Ronald AraujoUruguayFC Barcelona
56%
70,00 Mio €Bruno FernandesPortugalManchester United
54%
70,00 Mio ۃder MilitaoBrasilienReal Madrid
53%
70,00 Mio €Randal Kolo MuaniFrankreichParis Saint-Germain
53%
65,00 Mio €Rasmus HojlundDänemarkManchester United
53%
60,00 Mio €Ousmane DembéléFrankreichParis Saint-Germain
51%
60,00 Mio €Dusan VlahovicSerbienJuventus Turin
50%
50,00 Mio €Jonathan DavidKanadaLOSC Lille
50%
55,00 Mio €Theo HernándezFrankreichAC Mailand
50%
65,00 Mio €Alexis Mac AllisterArgentinienFC Liverpool
49%
75,00 Mio €William SalibaFrankreichFC Arsenal
49%
50,00 Mio €Mathys TelFrankreichFC Bayern München
48%
75,00 Mio €Christopher NkunkuFrankreichFC Chelsea
46%
55,00 Mio €Lois OpendaBelgienRB Leipzig
46%
85,00 Mio €Bruno GuimaraesBrasilienNewcastle United
44%
65,00 Mio €Jérémy DokuBelgienManchester City
44%
60,00 Mio €GabrielBrasilienFC Arsenal
43%
60,00 Mio €Takefusa KuboJapanReal Sociedad
41%
55,00 Mio €Dejan KulusevskiSchwedenTottenham Hotspur
38%
70,00 Mio €James MaddisonEnglandTottenham Hotspur
38%
60,00 Mio €Lamine YamalSpanienFC Barcelona
38%
60,00 Mio €MarquinhosBrasilienParis Saint-Germain
38%
60,00 Mio €Moussa DiabyFrankreichAston Villa
35%
65,00 Mio €Cristian RomeroArgentinienTottenham Hotspur
34%
65,00 Mio €Lucas PaquetáBrasilienWest Ham United
33%
55,00 Mio €Marcus ThuramFrankreichInter Mailand
33%
60,00 Mio €Jules KoundéFrankreichFC Barcelona
32%
50,00 Mio €Kaoru MitomaJapanBrighton
32%
50,00 Mio €Goncalo RamosPortugalParis Saint-Germain
31%
60,00 Mio €Warren Zaire-EmeryFrankreichParis Saint-Germain
31%
50,00 Mio €Nico WilliamsSpanienAthletic Bilbao
29%
50,00 Mio €BremerBrasilienJuventus Turin
28%
60,00 Mio €Manuel UgarteUruguayParis Saint-Germain
28%
60,00 Mio €Joao PalhinhaPortugalFC Fulham
27%
55,00 Mio €Ben WhiteEnglandFC Arsenal
26%
60,00 Mio €Alessandro BastoniItalienInter Mailand
25%
65,00 Mio €Evan FergusonRepublik IrlandBrighton
25%
60,00 Mio €Nuno MendesPortugalParis Saint-Germain
25%
50,00 Mio €Alejandro BaldeSpanienFC Barcelona
23%
60,00 Mio €Ollie WatkinsEnglandAston Villa
23%
50,00 Mio €Amadou OnanaBelgienFC Everton
21%
50,00 Mio €Anthony GordonEnglandNewcastle United
21%
60,00 Mio €Douglas LuizBrasilienAston Villa
21%
50,00 Mio €Michael OliseFrankreichCrystal Palace
21%
55,00 Mio €Matheus NunesPortugalManchester City
19%
50,00 Mio €Santiago GimenezMexikoFeyenoord Rotterdam
18%
50,00 Mio €Roméo LaviaBelgienFC Chelsea
15%
55,00 Mio €Levi ColwillEnglandFC Chelsea
9%

Verteilung der Resultate

Perzentil nach korrekt beantworteten Fragen

Anzahl Personen mit jedem Resultat

Ihre Resultats-Entwicklung

Sie haben dieses Quiz noch nicht gespielt